| 000 | 00910nam a22002415a 4500 | ||
|---|---|---|---|
| 003 | OSt | ||
| 005 | 20170117115854.0 | ||
| 008 | 170116s2009 ua frbl 000 0 ara d | ||
| 015 | _22009 / 3896 | ||
| 020 | _a9789770459467 | ||
| 040 |
_aEG-ScBUE _bara _cEG-ScBUE _dEG-ScBUE |
||
| 043 | _af-ua--- | ||
| 082 | 0 | 4 |
_a342.62 _bغ ف ل _222 |
| 100 | 1 | _aغفلول، عيد أحمد. | |
| 245 | 1 | 2 |
_aالقانون الدستوري : _bالمبادئ الدستورية العامة - النظام الدستوري لجمهورية مصر العربية / _cعيد أحمد الغفلول. |
| 260 |
_aالقاهرة : _bدار النهضه العربية، _c2009. |
||
| 300 |
_a543 ص. ؛ _c24 سم. |
||
| 504 | _aيشتمل على إرجاعات ببليوجرافية. | ||
| 650 | 7 |
_aالقانون الدستوري _zمصر. _2BUEsh _941131 |
|
| 651 | _2BUEsh | ||
| 653 |
_bLLAAWW _cJanuary2017 |
||
| 942 | _2ddc | ||
| 999 |
_c23951 _d23923 |
||